[Event "Bhubaneswar op 3rd"]
[Site "Bhubaneswar"]
[Date "2011.06.01"]
[Round "6"]
[White "Mohanty, Pabitra M"]
[Black "Ramnath, Bhuvanesh R"]
[Result "0-1"]
[WhiteElo "2232"]
[BlackElo "2425"]
[PlyCount "68"]
[EventDate "2011.05.28"]
[EventType "swiss"]
[EventRounds "11"]
[EventCountry "IND"]
[SourceTitle "CBM 142 Extra"]
[Source "ChessBase"]
[SourceDate "2011.06.27"]
[SourceVersion "1"]
[SourceVersionDate "2011.06.27"]
[SourceQuality "1"]

1. d4 Nf6 2. Nf3 g6 3. c4 Bg7 4. Nc3 0-0 5. Bg5 c5 6. d5 d6 7. e4 e6 8. Be2 exd5 9. cxd5 Re8 10. Nd2 a6 11. a4 Nbd7 12. 0-0 h6 13. Bh4 g5 14. Bg3 Ne5 15. f4 gxf4 16. Rxf4 Qe7 17. Bh4 Ng6 18. Bxf6 Bxf6 19. Rf1 Ne5 20. Ra3 Bd7 21. a5 Kh7 22. Na4 Bxa4 23. Qxa4 Rg8 24. b4 cxb4 25. Qxb4 Rac8 26. Nc4 Nxc4 27. Bxc4 Bd4+ 28. Kh1 Bc5 29. Qb1 Bxa3 30. e5+ Kh8 31. e6 fxe6 32. Qe4 Qg7 33. Bd3 exd5 34. Qxd5 Rc1 0-1

[Event "Bhubaneswar op 3rd"]
[Site "Bhubaneswar"]
[Date "2011.05.29"]
[Round "3"]
[White "Murshed, Niaz"]
[Black "Mohanty, Pabitra M"]
[Result "0-1"]
[WhiteElo "2455"]
[BlackElo "2232"]
[PlyCount "65"]
[EventDate "2011.05.28"]
[EventType "swiss"]
[EventRounds "11"]
[EventCountry "IND"]
[SourceTitle "CBM 142 Extra"]
[Source "ChessBase"]
[SourceDate "2011.06.27"]
[SourceVersion "1"]
[SourceVersionDate "2011.06.27"]
[SourceQuality "1"]

1. d4 d5 2. c4 dxc4 3. Nf3 Nf6 4. e3 e6 5. Bxc4 Bb4+ 6. Nc3 Nbd7 7. 0-0 0-0 8. Qe2 c5 9. Rd1 a6 10. a4 Qc7 11. Na2 Nb6 12. Nxb4 cxb4 13. Bd3 a5 14. e4 Bd7 15. b3 Rfc8 16. Bg5 Be8 17. Rac1 Qb8 18. e5 Nfd7 19. Rxc8 Nxc8 20. d5 Nf8 21. d6 Nb6 22. Rc1 Nd5 23. h4 Nc3 24. Qf1 b5 25. axb5 a4 26. bxa4 Rxa4 27. Nd2 Qb6 28. Be3 Qb7 29. Nb3 Qd5 30. Nc5 Ra5 31. f4 Qa8 32. Na6 Rxa6 33. Bc4 0-1

[Event "IND-ch"]
[Site "India"]
[Date "1988.??.??"]
[Round "?"]
[White "Koshy, Varugeese"]
[Black "Mohanty, Pabitra M"]
[Result "1-0"]
[WhiteElo "2330"]
[BlackElo "2350"]
[PlyCount "43"]
[EventDate "1988.??.??"]
[EventType "tourn"]
[EventRounds "19"]
[EventCountry "IND"]
[EventCategory "4"]
[SourceTitle "EXT 1997"]
[Source "ChessBase"]
[SourceDate "1996.11.15"]
[SourceVersion "1"]
[SourceVersionDate "1996.11.15"]
[SourceQuality "1"]

1. c4 g6 2. g3 Bg7 3. Bg2 c5 4. Nc3 Nc6 5. e3 e6 6. Nge2 Nge7 7. 0-0 0-0 8. d4 cxd4 9. exd4 d5 10. cxd5 Nxd5 11. Nxd5 exd5 12. Be3 Bg4 13. Re1 Qa5 14. Qb3 Rfd8 15. Nc3 Rd7 16. h3 Be6 17. Red1 h6 18. Na4 Re7 19. Nc5 Rd8 20. Nxb7 Rxb7 21. Qxb7 Nb4 22. Bd2 1-0

[Event "Asia-chT fin 05th"]
[Site "New Delhi"]
[Date "1983.10.29"]
[Round "9"]
[White "Mohanty, Pabitra M"]
[Black "Chaudry, Altaf"]
[Result "1-0"]
[WhiteElo "2280"]
[BlackElo "2230"]
[PlyCount "51"]
[EventDate "1983.10.19"]
[EventType "team-tourn"]
[EventRounds "9"]
[EventCountry "IND"]
[SourceTitle "EXT 2008"]
[Source "ChessBase"]
[SourceDate "2007.11.25"]
[SourceVersion "1"]
[SourceVersionDate "2007.11.25"]
[SourceQuality "1"]
[WhiteTeam "India"]
[BlackTeam "Pakistan"]
[WhiteTeamCountry "IND"]
[BlackTeamCountry "PAK"]

1. d4 Nf6 2. c4 e6 3. Nf3 d5 4. e3 c6 5. Nc3 Bd6 6. Bd3 Nbd7 7. 0-0 0-0 8. e4 dxe4 9. Nxe4 Nxe4 10. Bxe4 Nf6 11. Bc2 h6 12. Qe2 Re8 13. Ne5 c5 14. dxc5 Bxc5 15. Bf4 Qe7 16. Rad1 b6 17. Ba4 Rf8 18. b4 g5 19. Nc6 Qd7 20. Be5 Be7 21. Nxe7+ Qxe7 22. Qf3 Nh7 23. Qxa8 Bb7 24. Qxa7 Ra8 25. Qxb6 Rxa4 26. Rd8+ 1-0